Music Quiz

Random Music or Clip Quiz

'60s Rock Clips Quiz Stats

 Plays Quiz not verified by Sporcle

Challenge
Share
Tweet
Score 0/34 Timer 12:00
0 Plays Today
Time Interval Song % Correct
00:52 - 01:01The House of the Rising Sun
91.4%
00:31 - 00:40Son of a Preacher Man
84.3%
02:13 - 02:24The Sound of Silence
82.8%
05:07 - 05:17Wild Thing
78.8%
02:55 - 03:05Happy Together
78.4%
04:17 - 04:26California Dreamin'
78%
03:47 - 03:56You Really Got Me
76.6%
03:57 - 04:06California Girls
75.1%
01:02 - 01:11Louie Louie
73.5%
01:12 - 01:22Wipe Out
69.2%
01:23 - 01:32You've Got to Hide Your Love Away
58%
00:01 - 00:09Runaway
56.3%
00:10 - 00:19Gloria
47.4%
00:20 - 00:3096 Tears
43.7%
03:06 - 03:16Born on the Bayou
41.6%
04:37 - 04:46Surfin' Bird
35.2%
05:37 - 05:47Voodoo Child (Slight Return)
31.1%
Time Interval Song % Correct
04:07 - 04:16In-A-Gadda-Da-Vida
30.2%
05:18 - 05:27San Francisco (Be Sure to Wear Flowers in Your Hair)
26.7%
03:17 - 03:26Eight Miles High
23.8%
01:43 - 01:52Badge
20.1%
04:27 - 04:36She's a Rainbow
20%
04:57 - 05:06Positively 4th Street
17.3%
03:27 - 03:36Pictures of Matchstick Men
15.6%
04:47 - 04:56Volunteers
13.4%
02:03 - 02:12Kick Out the Jams
12.7%
01:33 - 01:42Dear Mr. Fantasy
12.6%
03:37 - 03:46Moonlight Drive
10.9%
00:41 - 00:51Shapes of Things
9.2%
01:53 - 02:02Down On Me
7.9%
02:35 - 02:44Sister Ray
5.3%
02:25 - 02:34My Guitar Wants to Kill Your Mama
3.5%
05:28 - 05:36Tin Soldier
3.3%
02:45 - 02:54Bustin' Surfboards
2.3%

You're not logged in!

Compare scores with friends on all Sporcle quizzes.
Join for Free
OR
Log In

You Might Also Like...

Show Comments

Extras

Top Quizzes Today


Score Distribution

Your Account Isn't Verified!

In order to create a playlist on Sporcle, you need to verify the email address you used during registration. Go to your Sporcle Settings to finish the process.

Report this User

Report this user for behavior that violates our Community Guidelines.

Details: